[Event "Online Olym Top DivA 2021"]
[Site "chess.com INT"]
[Date "2021.09.08"]
[Round "2.5"]
[Board "2"]
[White "Szabo, Gergely-Andras-Gyula"]
[Black "Petriashvili, Nikoloz"]
[Result "1/2-1/2"]
[WhiteTitle "GM"]
[BlackTitle "IM"]
[WhiteElo "2531"]
[BlackElo "2432"]
[WhiteTeam "Romania"]
[BlackTeam "Georgia"]
[WhiteFideId "1205064"]
[BlackFideId "13611216"]
[EventDate "2021.09.08"]
[EventType "team"]

1. e4 c5 2. Nf3 Nc6 3. c3 Nf6 4. e5 Nd5 5. d4 cxd4 6. Bc4 Nb6 7. Bb3 d5 8. exd6
Qxd6 9. O-O Be6 10. Na3 Bxb3 11. Qxb3 e6 12. Nb5 Qd7 13. Nbxd4 Nxd4 14. Nxd4 Be7
15. Rd1 O-O 16. Bf4 Qd5 17. Bc7 Qxb3 18. axb3 Nd5 19. Bg3 a6 20. b4 Rfd8 21. b5
axb5 22. Nxb5 Rxa1 23. Rxa1 Bc5 24. Kf1 f6 25. Ke2 Kf7 26. Ra4 e5 27. f3 Nb6 28.
Ra7 Rd7 29. b4 Be7 30. Bf2 Nc4 31. Na3 Nb2 32. Be1 f5 33. Nc2 Bg5 34. h4 Bh6 35.
Ra5 Nd3 36. Bd2 Bxd2 37. Kxd2 Nxb4+ 38. Kc1 Nd3+ 39. Kb1 f4 40. Rb5 Kf6 41. Rb6+
Kf5 42. Ka2 Rc7 43. Kb3 Nc1+ 44. Kb2 Nd3+ 45. Kb3 Nc5+ 46. Kb4 g5 47. hxg5 Kxg5
48. Rb5 Nd3+ 49. Kb3 Nc1+ 50. Kb2 Nd3+ 51. Kb3 Nc5+ 52. Kb4 Na6+ 53. Kb3 Kf6 54.
Rb6+ Kf5 55. Rb5 Nc5+ 56. Kb4 Nd3+ 57. Kb3 Kf6 58. Rb6+ Kf7 59. Rd6 Nc5+ 60. Kb4
Nd3+ 61. Rxd3 Ke6 62. c4 Rg7 63. Rd2 h5 64. Ne1 h4 65. Nd3 Kf5 66. Nc5 h3 67.
gxh3 Rg3 68. Rd3 b6 69. Ne4 Rxh3 70. Kb5 Rxf3 71. Rxf3 Kxe4 72. Rf1 Kd3 73. Rd1+
Ke2 74. Rd5 e4 75. Kxb6 f3 76. c5 f2 77. Rf5 f1=Q 78. Rxf1 Kxf1 79. c6 e3 80. c7
e2 81. c8=Q e1=Q 82. Qc4+ Qe2 83. Qxe2+ Kxe2 1/2-1/2

[Event "Online Olym Top DivA 2021"]
[Site "chess.com INT"]
[Date "2021.09.08"]
[Round "2.5"]
[Board "3"]
[White "Lomineishvili, Maia"]
[Black "Peptan, Corina-Isabela"]
[Result "0-1"]
[WhiteTitle "IM"]
[BlackTitle "IM"]
[WhiteElo "2342"]
[BlackElo "2385"]
[WhiteTeam "Georgia"]
[BlackTeam "Romania"]
[WhiteFideId "13600656"]
[BlackFideId "1201930"]
[EventDate "2021.09.08"]
[EventType "team"]

1. e4 c5 2. Nf3 e6 3. g3 Nc6 4. Bg2 d5 5. exd5 exd5 6. O-O Bd6 7. d4 Nge7 8.
dxc5 Bxc5 9. Nbd2 O-O 10. Nb3 Bb6 11. h3 Bf5 12. c3 Qd7 13. Kh2 Rfe8 14. Nbd4
Be4 15. Be3 Rac8 16. Re1 Nxd4 17. Bxd4 Qb5 18. Qd2 Nf5 19. Bxb6 Qxb6 20. Rad1
Nd6 21. Ng5 Bxg2 22. Kxg2 Rxe1 23. Rxe1 h6 24. Nf3 Ne4 25. Qe2 Rc6 26. Nd4 Rf6
27. Rf1 Qc7 28. Qe3 Qc4 29. a3 Nxg3 30. Rd1 Ne4 31. f3 Rg6+ 32. Kh2 Qc7+ 33. f4
Qb6 34. Qe2 Qc7 35. Rf1 a6 36. Nf5 Qd7 37. Ne3 Ng3 38. Qd3 Nxf1+ 39. Qxf1 d4 40.
Qd3 Qc6 41. Qxd4 Rd6 42. Qe5 Rd2+ 43. Kg3 Qg6+ 44. Kf3 Rh2 45. Qb8+ Kh7 46. Qc8
Rxb2 47. c4 Rb3 48. c5 Rxa3 49. Qxb7 Qh5+ 50. Ke4 Qxc5 51. Nd5 Ra4+ 52. Ke5 Ra5
53. Qxf7 Qxd5+ 54. Qxd5 Rxd5+ 55. Kxd5 Kg6 56. Ke5 a5 57. h4 h5 58. f5+ Kf7 0-1

[Event "Online Olym Top DivA 2021"]
[Site "chess.com INT"]
[Date "2021.09.08"]
[Round "2.5"]
[Board "4"]
[White "Cosma, Elena-Luminita"]
[Black "Purtseladze, Maka"]
[Result "0-1"]
[WhiteTitle "WGM"]
[BlackTitle "IM"]
[WhiteElo "2296"]
[BlackElo "2274"]
[WhiteTeam "Romania"]
[BlackTeam "Georgia"]
[WhiteFideId "1201590"]
[BlackFideId "13602659"]
[EventDate "2021.09.08"]
[EventType "team"]

1. d4 Nf6 2. Nf3 e6 3. g3 b5 4. Bg2 Bb7 5. O-O Be7 6. Bg5 O-O 7. Qd3 Be4 8. Qxb5
Nc6 9. Bxf6 Bxf6 10. Nbd2 Nxd4 11. Nxd4 Bxg2 12. Kxg2 Bxd4 13. c3 Bf6 14. Qd3 d5
15. Rad1 Rb8 16. b3 c6 17. c4 Qa5 18. Qc2 Qc3 19. Rc1 Qb4 20. h4 a5 21. Nf3 a4
22. bxa4 Ra8 23. e4 dxe4 24. Qxe4 Qxa4 25. Rc2 h6 26. Rd1 Rfd8 27. Rdd2 Rab8 28.
Ne5 Rxd2 29. Rxd2 Ra8 30. Nxc6 Rc8 31. Ne5 Bxe5 32. Qxe5 Qxc4 33. Qe3 Ra8 34.
Qe2 Qxe2 35. Rxe2 Ra3 36. Rb2 h5 37. Kf1 Kh7 38. Ke2 Kg6 39. Rc2 Kf5 40. Kd2 f6
41. Kc1 g5 42. hxg5 fxg5 43. Kb2 Ra8 44. Rc4 e5 45. a4 e4 46. Kb3 h4 47. gxh4
gxh4 48. Rc7 Rh8 49. Rf7+ Kg4 50. Re7 Kf3 51. Rf7+ Kg4 52. Re7 Kf5 53. Rf7+ Ke6
54. Rc7 h3 55. Rc1 Ke5 56. a5 Kf4 57. a6 Kf3 58. a7 Kg2 59. Rc7 h2 60. Rg7+ Kxf2
61. Rh7 Rxh7 62. a8=Q h1=Q 63. Qa2+ Kf3 0-1

[Event "Online Olym Top DivA 2021"]
[Site "chess.com INT"]
[Date "2021.09.08"]
[Round "2.5"]
[Board "5"]
[White "Kacharava, Nikolozi"]
[Black "Gavrilescu, David"]
[Result "1-0"]
[WhiteTitle "IM"]
[BlackTitle "IM"]
[WhiteElo "2453"]
[BlackElo "2477"]
[WhiteTeam "Georgia"]
[BlackTeam "Romania"]
[WhiteFideId "13611860"]
[BlackFideId "1227190"]
[EventDate "2021.09.08"]
[EventType "team"]

1. e4 e6 2. d4 d5 3. Nc3 Nf6 4. e5 Nfd7 5. f4 c5 6. Nf3 Nc6 7. Be3 Be7 8. Qd2
O-O 9. dxc5 Qa5 10. a3 a6 11. O-O-O Bxc5 12. Bxc5 Nxc5 13. Qe3 Na4 14. Nxa4 Qxa4
15. Bd3 b5 16. Kb1 Bd7 17. Bxh7+ Kxh7 18. Ng5+ Kg8 19. Qh3 Rfc8 20. Qh7+ Kf8 21.
Qh8+ Ke7 22. Qxg7 Nd8 23. b3 Qxa3 24. Nh7 Nc6 25. Qg5+ f6 26. Nxf6 Be8 27. Nxd5+
Kf7 28. Qf6+ Kg8 29. Rd3 Qf8 30. Rg3+ Bg6 31. Qxg6+ 1-0

[Event "Online Olym Top DivA 2021"]
[Site "chess.com INT"]
[Date "2021.09.08"]
[Round "2.5"]
[Board "6"]
[White "Ciolacu, Alessia-Mihaela"]
[Black "Koridze, Lile"]
[Result "1/2-1/2"]
[WhiteTitle "WFM"]
[BlackTitle "WFM"]
[WhiteElo "2186"]
[BlackElo "2016"]
[WhiteTeam "Romania"]
[BlackTeam "Georgia"]
[WhiteFideId "1252640"]
[BlackFideId "13612514"]
[EventDate "2021.09.08"]
[EventType "team"]

1. d4 Nf6 2. c4 e6 3. Nf3 d5 4. g3 Bb4+ 5. Bd2 Be7 6. Bg2 O-O 7. O-O c6 8. Qc2
b6 9. Rd1 Ne4 10. Bf4 Bb7 11. Nc3 f5 12. Nxe4 fxe4 13. Ne5 Bf6 14. b4 Qe7 15. c5
Nd7 16. Ng4 e5 17. Nxf6+ Qxf6 18. Be3 bxc5 19. bxc5 Ba6 20. Bh3 Rf7 21. Rab1
Raf8 22. Rb4 exd4 23. Bxd4 Ne5 24. Qb2 Qh6 25. Bxe5 Rxf2 26. Rb8 Qxh3 27. Rxf8+
Rxf8 28. Bxg7 Rf7 29. Be5 Qf5 30. Bf4 Qg4 31. Qb8+ Rf8 32. Qxa7 Qxe2 33. Rb1 Bd3
34. Rc1 Rxf4 35. gxf4 Qe3+ 36. Kg2 Qxc1 37. Qb8+ Kf7 38. Qc7+ Kg8 39. Qd8+ Kg7
40. Qe7+ Kg8 41. Qe8+ Kg7 42. Qe7+ Kg8 43. Qe8+ Kg7 44. Qe7+ 1/2-1/2

[Event "Online Olym Top DivA 2021"]
[Site "chess.com INT"]
[Date "2021.09.08"]
[Round "3.1"]
[Board "1"]
[White "Deac, Bogdan-Daniel"]
[Black "Jumabayev, Rinat"]
[Result "1/2-1/2"]
[WhiteTitle "GM"]
[BlackTitle "GM"]
[WhiteElo "2639"]
[BlackElo "2651"]
[WhiteTeam "Romania"]
[BlackTeam "Kazakhstan"]
[WhiteFideId "1226380"]
[BlackFideId "13702661"]
[EventDate "2021.09.08"]
[EventType "team"]

1. e4 e5 2. Nf3 Nc6 3. Bb5 Nf6 4. O-O Nxe4 5. Re1 Nd6 6. Nxe5 Be7 7. Bf1 Nxe5 8.
Rxe5 O-O 9. d4 Ne8 10. c4 Bf6 11. Re1 d5 12. cxd5 Qxd5 13. Be3 Bf5 14. Nc3 Qd7
15. Qf3 Nd6 16. Nd5 Bd8 17. Bf4 Bg4 18. Qd3 Bf5 19. Qf3 Bg4 20. Qd3 Bf5 21. Qf3 1/2-1/2

[Event "Online Olym Top DivA 2021"]
[Site "chess.com INT"]
[Date "2021.09.08"]
[Round "3.1"]
[Board "2"]
[White "Makhnev, Denis"]
[Black "Szabo, Gergely-Andras-Gyula"]
[Result "1/2-1/2"]
[WhiteTitle "IM"]
[BlackTitle "GM"]
[WhiteElo "2513"]
[BlackElo "2531"]
[WhiteTeam "Kazakhstan"]
[BlackTeam "Romania"]
[WhiteFideId "13707647"]
[BlackFideId "1205064"]
[EventDate "2021.09.08"]
[EventType "team"]

1. d4 Nf6 2. c4 e6 3. Nf3 d5 4. Nc3 Be7 5. Bf4 O-O 6. e3 b6 7. Rc1 Bb7 8. cxd5
Nxd5 9. Nxd5 Qxd5 10. a3 Qa5+ 11. Qd2 Qxd2+ 12. Nxd2 c5 13. dxc5 Rc8 14. b4 bxc5
15. b5 a6 16. bxa6 Bxa6 17. Bxa6 Rxa6 18. Nc4 Nc6 19. Ke2 Na5 20. a4 Rca8 21.
Nxa5 Rxa5 22. Rhd1 Rxa4 23. Bd6 Ra2+ 24. Kf3 Bxd6 25. Rxd6 h6 26. Rxc5 Rb2 27.
Rd1 Raa2 28. Rf1 1/2-1/2

[Event "Online Olym Top DivA 2021"]
[Site "chess.com INT"]
[Date "2021.09.08"]
[Round "3.1"]
[Board "3"]
[White "Peptan, Corina-Isabela"]
[Black "Abdumalik, Zhansaya"]
[Result "1/2-1/2"]
[WhiteTitle "IM"]
[BlackTitle "GM"]
[WhiteElo "2385"]
[BlackElo "2502"]
[WhiteTeam "Romania"]
[BlackTeam "Kazakhstan"]
[WhiteFideId "1201930"]
[BlackFideId "13703544"]
[EventDate "2021.09.08"]
[EventType "team"]

1. d4 Nf6 2. c4 d6 3. Nc3 Bf5 4. g3 e5 5. Bg2 Qc8 6. Nf3 exd4 7. Nxd4 Bh3 8.
Bxh3 Qxh3 9. Qd3 Qg2 10. Qf3 Qxf3 11. Nxf3 Nc6 12. Bg5 Be7 13. O-O-O h6 14. Bxf6
Bxf6 15. Nd5 Bd8 16. Nd4 Ne5 17. Nf5 g6 18. Nfe3 a5 19. f4 Nd7 20. Nc2 O-O 21.
g4 Re8 22. e3 c6 23. Nc3 Nf6 24. h3 Bc7 25. Rd3 Kg7 26. Rhd1 Re7 27. Kd2 Rae8
28. Ke2 Nd7 29. Kf3 Nc5 30. R3d2 g5 31. b3 Na6 32. a3 Bb6 33. Re2 Nc5 34. Nd4
Kg8 35. Nf5 Re6 36. Rxd6 Rxd6 37. Nxd6 Rd8 38. Nde4 Rd3 39. fxg5 Nxb3 40. Kf2
hxg5 41. Re1 Nc5 42. Ke2 Rd8 43. Rb1 Nd7 44. Nxg5 Re8 45. Nge4 Kg7 46. Kf3 Ne5+
47. Ke2 Nxc4 48. a4 Re7 49. Kd3 Ne5+ 50. Ke2 Ba7 51. Nd6 Rd7 52. Nf5+ Kg6 53.
Rd1 Rxd1 54. Kxd1 Nc4 55. Ke2 Bc5 56. Kd3 Nb6 57. Ng3 Bb4 58. Nge4 f5 59. gxf5+
Kxf5 60. Ke2 Nxa4 61. Ng3+ Kg5 62. Nxa4 Kh4 63. Ne4 b5 64. Nac3 Kxh3 65. Kd3 Kg4
66. Nd2 a4 67. Kc2 Kf5 68. Na2 Bc5 69. Kd3 b4 70. e4+ Kf4 71. Kc4 Be3 72. Nxb4
Bxd2 73. Nxc6 Kxe4 74. Nd4 Ke3 75. Nc2+ Ke2 76. Kb5 Kd1 77. Na3 Bc1 78. Kxa4 1/2-1/2

[Event "Online Olym Top DivA 2021"]
[Site "chess.com INT"]
[Date "2021.09.08"]
[Round "3.1"]
[Board "4"]
[White "Saduakassova, Dinara"]
[Black "Cosma, Elena-Luminita"]
[Result "1/2-1/2"]
[WhiteTitle "IM"]
[BlackTitle "WGM"]
[WhiteElo "2489"]
[BlackElo "2296"]
[WhiteTeam "Kazakhstan"]
[BlackTeam "Romania"]
[WhiteFideId "13700090"]
[BlackFideId "1201590"]
[EventDate "2021.09.08"]
[EventType "team"]

1. d4 d5 2. Nf3 Nf6 3. Bf4 e6 4. e3 c5 5. Nbd2 Nc6 6. c3 Bd6 7. Bg3 O-O 8. Bd3
b6 9. e4 dxe4 10. Nxe4 Nxe4 11. Bxe4 Bb7 12. Qa4 Na5 13. Bxb7 Nxb7 14. O-O-O Qe7
15. dxc5 Bxg3 16. hxg3 Nxc5 17. Qc2 h6 18. Rh4 Rfd8 19. Nd4 Qg5+ 20. Kb1 e5 21.
Nf3 Qf6 22. Rhh1 e4 23. Nd4 a5 24. f3 exf3 25. gxf3 Ne6 26. Nf5 Rxd1+ 27. Rxd1
Rd8 28. g4 Rxd1+ 29. Qxd1 h5 30. Qg1 g6 31. Nd4 Nxd4 32. cxd4 Qxf3 33. gxh5 Qxh5
34. a4 Qf5+ 35. Ka2 Qe6+ 36. b3 Qe2+ 37. Ka3 Qd2 38. Qg4 Kg7 39. Qe4 Qb4+ 40.
Ka2 Qd6 41. d5 g5 42. Qc4 Kf6 43. Qd4+ Kf5 44. Qf2+ Kg6 45. Qc2+ Kf6 46. Qc3+
Kf5 47. Qf3+ Ke5 48. Qxf7 Qxd5 49. Qg7+ Kf5 50. Qc7 Qc5 51. Qd7+ Kf4 52. Qd2+
Kg4 53. Qg2+ Kf5 54. Qf1+ Ke5 55. Qe2+ Kf6 56. Qf3+ Qf5 57. Qc3+ Kg6 58. Qc6+
Qf6 59. Qe4+ Kh6 60. Qh1+ Kg7 61. Qb7+ Kg6 62. Qe4+ Kh6 63. Qh1+ Kg6 64. Qe4+ 1/2-1/2

[Event "Online Olym Top DivA 2021"]
[Site "chess.com INT"]
[Date "2021.09.08"]
[Round "3.1"]
[Board "5"]
[White "Gavrilescu, David"]
[Black "Zhalmakhanov, Ramazan"]
[Result "0-1"]
[WhiteTitle "IM"]
[BlackTitle "IM"]
[WhiteElo "2477"]
[BlackElo "2414"]
[WhiteTeam "Romania"]
[BlackTeam "Kazakhstan"]
[WhiteFideId "1227190"]
[BlackFideId "13706357"]
[EventDate "2021.09.08"]
[EventType "team"]

1. e4 c5 2. Nf3 d6 3. d4 Nf6 4. Nc3 cxd4 5. Nxd4 Bd7 6. g3 Nc6 7. Bg2 g6 8. h3
Bg7 9. Be3 O-O 10. O-O Qc8 11. g4 Ne5 12. Nde2 h5 13. g5 Nh7 14. Kh2 Nc4 15. Bc1
Re8 16. f4 Qc5 17. Qd3 Rac8 18. a4 Nf8 19. b3 Na5 20. Be3 Qc7 21. Bd2 Ne6 22.
Rad1 Nc5 23. Qg3 Nc6 24. f5 Ne5 25. Nd5 Qd8 26. f6 Bf8 27. fxe7 Bxe7 28. Bc3
Bxg5 29. Nef4 Bh4 30. Qe3 Ne6 31. Bxe5 dxe5 32. Nxh5 gxh5 33. Qh6 Nf4 34. Nxf4
Bg5 35. Qxh5 Bxf4+ 36. Kh1 Rc6 37. Rd5 Qe7 38. Rg1 Rg6 39. Qd1 Be6 40. Rd3 Qh4
41. c4 Kh7 42. c5 Reg8 43. b4 Rg3 44. Qf1 Rxd3 45. Qxd3 Rg3 0-1

[Event "Online Olym Top DivA 2021"]
[Site "chess.com INT"]
[Date "2021.09.08"]
[Round "3.1"]
[Board "6"]
[White "Assaubayeva, Bibisara"]
[Black "Ciolacu, Alessia-Mihaela"]
[Result "1-0"]
[WhiteTitle "IM"]
[BlackTitle "WFM"]
[WhiteElo "2400"]
[BlackElo "2186"]
[WhiteTeam "Kazakhstan"]
[BlackTeam "Romania"]
[WhiteFideId "13708694"]
[BlackFideId "1252640"]
[EventDate "2021.09.08"]
[EventType "team"]

1. d4 Nf6 2. c4 e6 3. Nf3 d5 4. Nc3 a6 5. cxd5 exd5 6. Bf4 Bd6 7. Be5 c6 8. e3
O-O 9. Bd3 Bxe5 10. Nxe5 Nbd7 11. f4 Nxe5 12. fxe5 Ng4 13. Qf3 Qh4+ 14. g3 Qh6
15. Nd1 f6 16. e6 f5 17. h3 Nf6 18. Bxf5 Ne4 19. e7 Bxf5 20. exf8=Q+ Rxf8 21.
Qf4 Ng5 22. Rf1 Nxh3 23. Qxh6 gxh6 24. Nc3 Ng5 25. O-O-O h5 26. Rf4 Ne6 27. Rf2
Ng7 28. Rdf1 Rf7 29. e4 dxe4 30. Nxe4 Bg6 31. Rxf7 Bxf7 32. Nc5 b5 33. b3 a5 34.
Rf6 Bd5 35. Kd2 Ne8 36. Rf5 Kg7 37. Rxh5 Nf6 38. Re5 Kg6 39. a4 bxa4 40. bxa4 h5
41. Re7 Kf5 42. Ke2 Bc4+ 43. Ke1 1-0

[Event "Online Olym Top DivA 2021"]
[Site "chess.com INT"]
[Date "2021.09.08"]
[Round "3.2"]
[Board "1"]
[White "Martirosyan, Haik M."]
[Black "Mchedlishvili, Mikheil"]
[Result "1/2-1/2"]
[WhiteTitle "GM"]
[BlackTitle "GM"]
[WhiteElo "2636"]
[BlackElo "2571"]
[WhiteTeam "Armenia"]
[BlackTeam "Georgia"]
[WhiteFideId "13306553"]
[BlackFideId "13600966"]
[EventDate "2021.09.08"]
[EventType "team"]

1. d4 d5 2. c4 c6 3. Nf3 Nf6 4. Nc3 e6 5. Bg5 h6 6. Bxf6 Qxf6 7. e3 g6 8. Bd3
Bg7 9. e4 O-O 10. O-O Qd8 11. e5 dxc4 12. Bxc4 c5 13. dxc5 Nd7 14. Qe2 Nxc5 15.
Rfd1 Qe7 16. b4 Nd7 17. a3 Nb6 18. Bb5 Bd7 19. Bxd7 Nxd7 20. Qb5 Nb6 21. Ne4 Nd5
22. Rdc1 Rac8 23. g3 a6 24. Qe2 Rfd8 25. Kg2 Rc7 26. h4 Rdc8 27. Rc5 Rd8 28.
Rac1 Rdd7 29. Nd6 Rxc5 30. Rxc5 Rc7 31. Qc4 b5 32. Qc1 Rxc5 33. Qxc5 Qc7 34.
Qxc7 Nxc7 35. Kf1 Kf8 36. Ke2 Ke7 37. Kd3 f6 38. Ne4 fxe5 39. Nfd2 Kd7 40. Nb3
Kc6 41. Na5+ Kd5 42. f3 h5 43. g4 Na8 44. Nc3+ Kd6 45. Nb7+ Kc6 46. Nc5 Nc7 47.
N3e4 Bf8 48. g5 Be7 49. Nb3 Nd5 50. Nec5 Nf4+ 51. Ke4 Ng2 52. Kxe5 Nxh4 53. Nd4+
Kb6 54. Nd7+ Kc7 55. Nf6 Nf5 56. Nxe6+ Kc8 57. Nf4 Bd6+ 58. Ke4 Ng3+ 59. Ke3
Nf5+ 60. Ke4 Ng3+ 61. Ke3 Nf1+ 62. Ke4 Nd2+ 63. Ke3 Nc4+ 64. Ke4 Nd2+ 65. Ke3
Nc4+ 66. Ke4 Nd2+ 1/2-1/2

[Event "Online Olym Top DivA 2021"]
[Site "chess.com INT"]
[Date "2021.09.08"]
[Round "3.2"]
[Board "2"]
[White "Petriashvili, Nikoloz"]
[Black "Hovhannisyan, Robert"]
[Result "0-1"]
[WhiteTitle "IM"]
[BlackTitle "GM"]
[WhiteElo "2432"]
[BlackElo "2626"]
[WhiteTeam "Georgia"]
[BlackTeam "Armenia"]
[WhiteFideId "13611216"]
[BlackFideId "13302507"]
[EventDate "2021.09.08"]
[EventType "team"]

1. e4 e5 2. Nf3 Nc6 3. d4 exd4 4. Nxd4 Bc5 5. Nb3 Bb6 6. Qe2 a5 7. Be3 a4 8.
N3d2 Bxe3 9. Qxe3 Nf6 10. Bb5 O-O 11. O-O d5 12. Bxc6 bxc6 13. exd5 cxd5 14. Nf3
Re8 15. Qd4 Re4 16. Qd1 Bg4 17. Nbd2 Re7 18. h3 Bh5 19. Re1 c5 20. b3 h6 21.
Rxe7 Qxe7 22. Qf1 Bg6 23. Rc1 axb3 24. axb3 Ra2 25. Qe1 Qa7 26. c4 d4 27. b4
cxb4 28. c5 Rc2 29. c6 Qc5 30. Rxc2 Bxc2 31. Ne5 b3 32. Ndc4 Be4 33. f3 Bxc6 34.
Qb1 Ba4 35. Kh2 Qc7 36. Qa1 Bb5 37. Qa8+ Kh7 0-1

[Event "Online Olym Top DivA 2021"]
[Site "chess.com INT"]
[Date "2021.09.08"]
[Round "3.2"]
[Board "3"]
[White "Gaboyan, Susanna"]
[Black "Janiashvili, Mariami"]
[Result "1/2-1/2"]
[WhiteTitle "WIM"]
[BlackTitle "WFM"]
[WhiteElo "2253"]
[BlackElo "1940"]
[WhiteTeam "Armenia"]
[BlackTeam "Georgia"]
[WhiteFideId "13303627"]
[BlackFideId "13612077"]
[EventDate "2021.09.08"]
[EventType "team"]

1. Nf3 d5 2. g3 c5 3. Bg2 Nf6 4. O-O e6 5. d4 Nc6 6. c4 Be7 7. cxd5 Nxd5 8. Nc3
cxd4 9. Nxd4 Nxd4 10. Qxd4 Bf6 11. Qa4+ Bd7 12. Qb3 Nxc3 13. bxc3 O-O 14. Qxb7
Rb8 15. Qxa7 Bb5 16. Ba3 Re8 17. Rfd1 Qc8 18. Bf3 Qc4 19. Bd6 Rbc8 20. a4 Bc6
21. Bxc6 Rxc6 22. Bb4 Bxc3 23. Bxc3 Qxc3 24. a5 h6 25. a6 Rc7 26. Qb6 Ra8 27. a7
Kh7 28. Ra2 Qc4 29. Rda1 Rd7 30. Qe3 Qd4 31. Qf3 Raxa7 32. Rxa7 Rxa7 33. Rxa7
Qxa7 34. h4 Kg8 35. Qd3 Qc7 36. Kh2 g6 37. h5 g5 38. Qd4 Qc2 39. Qd8+ Kg7 40.
Qd4+ Kg8 41. Qe5 Qc4 42. f3 Qc1 43. Kg2 Qc4 44. Kf2 Qc2 45. g4 Qc1 46. Qf6 Qc5+
47. Kg2 Qe3 48. Kf1 Qc1+ 49. Kf2 Qc5+ 50. Ke1 Qc1+ 51. Kf2 1/2-1/2

[Event "Online Olym Top DivA 2021"]
[Site "chess.com INT"]
[Date "2021.09.08"]
[Round "3.2"]
[Board "4"]
[White "Kostava, Elene"]
[Black "Ghukasyan, Siranush"]
[Result "1-0"]
[BlackTitle "WIM"]
[WhiteElo "1769"]
[BlackElo "2168"]
[WhiteTeam "Georgia"]
[BlackTeam "Armenia"]
[WhiteFideId "13603280"]
[BlackFideId "13300946"]
[EventDate "2021.09.08"]
[EventType "team"]

1. Nf3 d5 2. e3 Nf6 3. c4 c6 4. Be2 Bf5 5. O-O e6 6. b3 Bd6 7. Bb2 O-O 8. h3
Nbd7 9. d4 h6 10. Nc3 Qe7 11. Rc1 Rac8 12. Qd2 Rfd8 13. cxd5 exd5 14. Rfd1 Ne4
15. Nxe4 dxe4 16. Ne1 Qg5 17. Kf1 Qh4 18. f4 g5 19. d5 gxf4 20. exf4 Bxf4 21.
Qd4 Be5 22. Qd2 e3 23. Qxe3 Bxb2 24. Rc4 Qg5 25. Qf2 Ne5 26. Rf4 Bg6 27. d6 Nd7
28. Bc4 Rf8 29. Rg4 Qf6 30. Qxf6 Nxf6 31. Rxg6+ Kh7 32. Rg3 Rcd8 33. Re3 b5 34.
Bd3+ Kg7 35. Bf5 Nd5 36. Rg3+ Kf6 37. Rf3 Rxd6 38. Nd3 Bc3 39. Nf2 Kg7 40. Rxc3
Nxc3 41. Rxd6 Re8 42. Rxc6 Nd5 43. Be4 Nb4 44. Rc7 a5 45. Rc5 Nxa2 46. Rc7 Re5
47. Ke2 b4 48. Kd3 Nc3 49. Bf3 Nb5 50. Rc6 Re1 51. Rc5 Na3 52. Rxa5 Rb1 53. Bd5
Rb2 54. Ng4 h5 55. Ne5 f6 56. Nc4 Rxb3+ 57. Ke4 Nc2 58. Ra7+ Kh6 59. Kf5 Rd3 60.
Be4 Nd4+ 61. Kxf6 Re3 62. Rh7# 1-0

[Event "Online Olym Top DivA 2021"]
[Site "chess.com INT"]
[Date "2021.09.08"]
[Round "3.2"]
[Board "5"]
[White "Hakobyan, Aram"]
[Black "Kacharava, Nikolozi"]
[Result "1-0"]
[WhiteTitle "GM"]
[BlackTitle "IM"]
[WhiteElo "2621"]
[BlackElo "2453"]
[WhiteTeam "Armenia"]
[BlackTeam "Georgia"]
[WhiteFideId "13306677"]
[BlackFideId "13611860"]
[EventDate "2021.09.08"]
[EventType "team"]

1. b3 e5 2. Bb2 d6 3. c4 g6 4. g3 Bg7 5. Bg2 Ne7 6. Nc3 O-O 7. d3 c6 8. Nf3 d5
9. O-O h6 10. Nd2 d4 11. Na4 Bf5 12. b4 Na6 13. b5 Nc7 14. bxc6 bxc6 15. Ba3 Rb8
16. Nc5 Qc8 17. Qa4 Bh3 18. Nde4 Bxg2 19. Kxg2 Rd8 20. Rab1 f5 21. Nd2 Bf8 22.
Rxb8 Qxb8 23. Rb1 Qc8 24. Nf3 e4 25. Ne5 exd3 26. exd3 f4 27. Qxa7 Ne6 28. Ne4
Qa8 29. Rb7 Qxa7 30. Rxa7 c5 31. Nxc5 Ng7 32. Ne4 Ngf5 33. Nxg6 Kf7 34. Nxf8
Rxf8 35. Nd6+ Nxd6 36. Bxd6 f3+ 37. Kh3 1-0

[Event "Online Olym Top DivA 2021"]
[Site "chess.com INT"]
[Date "2021.09.08"]
[Round "3.2"]
[Board "6"]
[White "Pipia, Ekaterine"]
[Black "Mkrtchyan, Mariam"]
[Result "1/2-1/2"]
[BlackTitle "WFM"]
[WhiteElo "1889"]
[BlackElo "2234"]
[WhiteTeam "Georgia"]
[BlackTeam "Armenia"]
[WhiteFideId "13614576"]
[BlackFideId "13310828"]
[EventDate "2021.09.08"]
[EventType "team"]

1. d4 d6 2. c4 e5 3. dxe5 dxe5 4. Qxd8+ Kxd8 5. Nc3 c6 6. b3 f6 7. e4 Be6 8. Be3
Nd7 9. O-O-O Kc7 10. f4 Bd6 11. g3 Ne7 12. Nf3 Rhd8 13. Be2 Bg8 14. fxe5 fxe5
15. Kb2 b6 16. Rhf1 Nf6 17. Nh4 Bb4 18. Bf3 Be6 19. a3 Bxc3+ 20. Kxc3 Rxd1 21.
Rxd1 Bg4 22. Bxg4 Nxg4 23. Bg5 Re8 24. Rf1 h6 25. Bxe7 Rxe7 26. Ng6 Rd7 27. Nf8
Re7 28. Ng6 Rd7 29. Nf8 Re7 30. Ng6 1/2-1/2

[Event "Online Olym Top DivA 2021"]
[Site "chess.com INT"]
[Date "2021.09.08"]
[Round "3.3"]
[Board "1"]
[White "Kuybokarov, Temur"]
[Black "Idani, Pouya"]
[Result "0-1"]
[WhiteTitle "GM"]
[BlackTitle "GM"]
[WhiteElo "2549"]
[BlackElo "2627"]
[WhiteTeam "Australia"]
[BlackTeam "Iran"]
[WhiteFideId "14203049"]
[BlackFideId "12510130"]
[EventDate "2021.09.08"]
[EventType "team"]

1. e4 e5 2. Nf3 Nf6 3. Nxe5 d6 4. Nf3 Nxe4 5. d4 d5 6. Bd3 Be7 7. O-O Bf5 8. Re1
O-O 9. Nbd2 Nd6 10. Nf1 Bxd3 11. Qxd3 c6 12. Bf4 Na6 13. Re2 Nc7 14. Rae1 Ne6
15. Bc1 Qb6 16. Ng3 Rfe8 17. c3 Qb5 18. Qc2 g6 19. h4 Bf6 20. h5 Ng7 21. Ne5
Bxe5 22. dxe5 Ndf5 23. Nxf5 Nxf5 24. hxg6 fxg6 25. e6 Qc4 26. Qd2 Qg4 27. f3 Qg3
28. Qf4 Re7 29. Re5 Rf8 30. Qxg3 Nxg3 31. Bg5 Ree8 32. Kh2 Nf5 33. g4 h6 34. e7
Rf7 35. Bf4 Nh4 36. Kg3 g5 37. Bxg5 Nxf3 38. Bh4 Nxe1 39. Rxe1 Rg7 40. Re5 Rg6
41. Kf4 Kf7 42. Rf5+ Ke6 43. Rf8 Kd7 44. Kf5 Rg7 45. Bf6 Rgxe7 46. Bxe7 Kxe7 47.
Rxe8+ Kxe8 48. Kg6 c5 49. Kxh6 d4 50. g5 d3 51. g6 d2 52. g7 d1=Q 53. g8=Q+ Kd7
54. Qh7+ Kc6 55. Qe4+ Qd5 56. Qa4+ Kb6 57. Kg6 Qe6+ 58. Kg7 a6 59. Qa3 Qe5+ 60.
Kf7 Kc6 61. Qa4+ Kd6 62. Qb3 Qf5+ 63. Kg7 Qd7+ 64. Kf6 Qe7+ 65. Kf5 Qe5+ 66. Kg4
Qe4+ 67. Kg5 b5 68. Qd1+ Ke5 69. Qd2 Qf5+ 70. Kh6 Qf4+ 71. Qxf4+ Kxf4 72. Kg6
Ke3 73. Kf5 Kd2 74. Ke5 Kc2 75. Kd5 c4 0-1

[Event "Online Olym Top DivA 2021"]
[Site "chess.com INT"]
[Date "2021.09.08"]
[Round "3.3"]
[Board "2"]
[White "Ghaem Maghami, Ehsan"]
[Black "Zhao, Zong-Yuan"]
[Result "1/2-1/2"]
[WhiteTitle "GM"]
[BlackTitle "GM"]
[WhiteElo "2536"]
[BlackElo "2525"]
[WhiteTeam "Iran"]
[BlackTeam "Australia"]
[WhiteFideId "12500739"]
[BlackFideId "3202534"]
[EventDate "2021.09.08"]
[EventType "team"]

1. c4 c6 2. e4 d5 3. exd5 cxd5 4. d4 Nf6 5. Nc3 g6 6. Qb3 Bg7 7. cxd5 O-O 8. Be2
Na6 9. Bf3 Qb6 10. Nge2 Rd8 11. O-O Qxb3 12. axb3 Nb4 13. Ra5 a6 14. Bf4 Bg4 15.
Bxg4 Nxg4 1/2-1/2